LEADER 01465nam 2200361 n 450 001 996389222003316 005 20221108025621.0 035 $a(CKB)1000000000639859 035 $a(EEBO)2248540387 035 $a(UnM)99852576 035 $a(EXLCZ)991000000000639859 100 $a19920505d1562 uh | 101 0 $alat 135 $aurbn||||a|bb| 200 10$aExpositio causarum quibus Anglić Regina commouebatur$b[electronic resource] $evt quasdam subiectorum suorum cohortes, armis instrueret, respectu proprie[m] defensionis, & Christianissimi Regis Caroli noni, fratris charissimi, & eius subiectorum 210 $aLondini $c[Apud Reginaldum Wolfium, Regić Maiest. in Latinis typographum]$dAn. Dom. M.D.LXII. [1562] 215 $a[16] p 300 $aPrinter's name from colophon. 300 $aRunning title reads: Causae profect. Anglorum in Gal. 300 $aSignatures: A-B⁴. 300 $aReproduction of the original in the Folger Shakespeare Library. 330 $aeebo-0055 607 $aGreat Britain$xHistory$yElizabeth, 1558-1603$vEarly works to 1800 607 $aFrance$xhistory$yCharles IX, 1560-1574$vEarly works to 1800 701 $aElizabeth$cQueen of England,$f1533-1603.$0996842 801 0$bCu-RivES 801 1$bCu-RivES 801 2$bCStRLIN 801 2$bWaOLN 906 $aBOOK 912 $a996389222003316 996 $aExpositio causarum quibus Anglić Regina commouebatur$92300219 997 $aUNISA LEADER 01108cam0-2200385-i-450 001 990009816830403321 005 20230405112758.0 035 $a000981683 035 $aFED01000981683 035 $a(Aleph)000981683FED01 035 $a000981683 100 $a20140130d1978----km-y0itay50------ba 101 1 $aita$cfre 102 $aIT 105 $ay-------001yy 200 1 $aLezioni di metodo storico$econ saggi su Egidi, Croce, Meinecke$fFederico Chabod$ga cura di Luigi Firpo 205 $a6. ed. 210 $aRoma ; Bari$cLaterza$d1978 215 $aVI, 341 p.$d18 cm 225 1 $aUniversale Laterza$v126 610 0 $aStoriografia$aMetodo 610 0 $aMeinecke, Friederick 610 0 $aEgidi, Pietro 610 0 $aCroce, Benedetto 676 $a901$v21$zita 676 $a907.2$v21$zITA 700 1$aChabod,$bFederico$f<1901-1960>$0138093 702 1$aFirpo,$bLuigi$f<1915-1989> 801 0$aIT$bUNINA$gRICA$2UNIMARC 901 $aBK 912 $a990009816830403321 952 $aDIC / CHA 1$fBFS 959 $aBFS 996 $aLezioni di metodo storico$9214665 997 $aUNINA